00576nmm a2200193Ia 4500008004100000020001800041041000800059100003400067245002300101264005500124300001800179490002500197650002900222700003400251700002200285856005100307942000700358999001700365251105s9999||||xx |||||||||||||||||und|| a9788492663088 aspa aGonzález Corugedo, Fernando 0aÁngulo de reposo a[Madrid, España] :bLibros del asteroide, c2009 a712 páginas aLibros del Asteroide aNorth American narrative aGonzález Corugedo, Fernando1 a Stegner, Wallace uhttps://public.digitaliapublishing.com/a/33493 cCF c66290d66290